000 00466nam a22001697a 4500
003 OSt
008 260511b |||||||| |||| 00| 0 eng d
082 _a633.15
_bP14G
100 _aPandey, Ishwari
245 _aGrowth Analysis, Yielding ability and Grain Quality in some Maize Genotypes of Varying Maturity Groups
260 _aPusa, Samastipur
_bRAU
_c1985
300 _a169P.
502 _bMsc.
_d1985
650 _aAgronomy
650 _aMsc.
942 _2ddc
_cT
999 _c50530
_d50530